000 00629nam a2200193 4500
001 137560
003 ES-MaACL
005 20230906195410.0
007 t|
008 070214s1963 sp r ||||1| spa d
100 1 _aSánchez-Céspedes, Pedro.
_9102546
245 1 3 _aEl criterio pontificio en `Mater et magistra` /
_cPedro Sánchez-Céspedes.
260 _aMadrid :
_bRazón y Fé,
_c1963.
300 _a469 p. ;
_c19 cm.
490 1 _aBiblioteca razón y fé de cuestiones actuales
830 0 _aBiblioteca razón y fé de cuestiones actuales
_9182379
852 _aES-MaACL
_jC-22800
_bR.51479
999 _c137560
_d137560